| 000 | 00460nam a22001817a 4500 | ||
|---|---|---|---|
| 003 | OSt | ||
| 005 | 20220107122834.0 | ||
| 008 | 170907b xxu||||| |||| 00| 0 eng d | ||
| 020 | _a9788131790540 | ||
| 040 | _cIIITMK | ||
| 082 | _aR 004.65 KUR/C;19 | ||
| 100 |
_aKurose, James F _912987 |
||
| 245 |
_aComputer networks: _bA top-down approach |
||
| 260 |
_aNew Delhi, _bPearson, _c2010 |
||
| 300 | _b888p. | ||
| 700 |
_aRoss, Keith W. _912988 |
||
| 942 |
_2ddc _cBK |
||
| 999 |
_c5863 _d5863 |
||